Eastern Utah Libraries Catalog: Duchesne, Heber, Roosevelt, & Vernal

Hannah and the wrong note / (Record no. 408328)

MARC details
000 -LEADER
fixed length control field 02658cam a2200397 i 4500
001 - CONTROL NUMBER
control field 1430991145
003 - CONTROL NUMBER IDENTIFIER
control field OCoLC
005 - DATE AND TIME OF LATEST TRANSACTION
control field 20250530153130.0
008 - FIXED-LENGTH DATA ELEMENTS--GENERAL INFORMATION
fixed length control field 240423s2025 onca j 000 1 eng
010 ## - LIBRARY OF CONGRESS CONTROL NUMBER
LC control number 2024937033
020 ## - INTERNATIONAL STANDARD BOOK NUMBER
International Standard Book Number 9781771475914
020 ## - INTERNATIONAL STANDARD BOOK NUMBER
International Standard Book Number 1771475919
035 ## - SYSTEM CONTROL NUMBER
System control number (OCoLC)1430991145
040 ## - CATALOGING SOURCE
Original cataloging agency NLC
Language of cataloging eng
Description conventions rda
Transcribing agency NLC
Modifying agency BDX
-- YDX
-- LE#
-- OCLCO
-- TOH
-- ILC
042 ## - AUTHENTICATION CODE
Authentication code lac
092 ## - LOCALLY ASSIGNED DEWEY CALL NUMBER (OCLC)
Item number Goth
Classification number children nonfiction
100 1# - MAIN ENTRY--PERSONAL NAME
Personal name Goth, Shane,
Relator term author.
9 (RLIN) 6545260
245 10 - TITLE STATEMENT
Title Hannah and the wrong note /
Statement of responsibility, etc written by Shane Goth ; illustrated by Sara Gagnon-Dumont.
264 #1 - Production, Publication, Distribution, Manufacture, and Copyright Notice.
Place of production, publication, distribution, manufacture Toronto, ON ;
-- Berkeley, CA :
Name of producer, publisher, distributor, manufacturer Owlkids Books,
Date of production, publication, distribution, manufacture, or copyr 2025.
300 ## - PHYSICAL DESCRIPTION
Extent 1 volume (unpaged) :
Other physical details color illustrations ;
Dimensions 29 cm.
336 ## - Content Type
Content type term text
336 ## - Content Type
Content type term still image
337 ## - Media type
Media type term unmediated
338 ## - Carrier type
Carrier type term volume
520 ## - SUMMARY, ETC.
Summary, etc "When Hannah played piano, music danced in the air. Her notes leaped and lunged, stood straight and spun, keeping perfect pitch and a steady tempo. Even when her younger sister, Jenny, dashed between them. Hannah dreams of becoming a famous musician and works tirelessly toward her goal. For her upcoming school recital, she set high stakes for herself: Swan Lake, a difficult piece. Despite encouragement from her parents to "do her best," and Jenny's insistence that wrong notes are fun, Hannah is undeterred. Only perfection will do. Hannah practices and practices and practices. But one note won't fall into line. It's a wrong note. And no matter what Hannah tries, she can't make it do what she wants. Her music is not perfect. On the day of the concert, she plays brilliantly, until ... the wrong note pounces! Devastated, Hannah won't be consoled. But Jenny starts to tickle the personified wrong note, and they dance and play. Hannah soon finds herself tapping a foot. She's inspired to toss aside her sheet music and try something new. Her notes flip and trip, but she likes the sound and has fun playing. Is the wrong note so wrong after all? The notes aren't perfect but they're Hannah's own. A gentle reminder that a willingness to embrace imperfection can lead to joyful new discoveries."--
521 8# - TARGET AUDIENCE NOTE
Target audience note 480
Source Lexile.
521 1# - TARGET AUDIENCE NOTE
Target audience note Ages 04-07.
650 #0 - SUBJECT ADDED ENTRY--TOPICAL TERM
Topical term or geographic name as entry element Piano
General subdivision Performance
Form subdivision Juvenile fiction.
9 (RLIN) 5744968
650 #0 - SUBJECT ADDED ENTRY--TOPICAL TERM
Topical term or geographic name as entry element Concerts
Form subdivision Juvenile fiction.
9 (RLIN) 5688137
650 #0 - SUBJECT ADDED ENTRY--TOPICAL TERM
Topical term or geographic name as entry element Performance anxiety
Form subdivision Juvenile fiction.
9 (RLIN) 5706320
655 #7 - INDEX TERM--GENRE/FORM
Genre/form data or focus term Picture books.
Source of term lcgft.
690 ## - LOCAL SUBJECT ADDED ENTRY--TOPICAL TERM (OCLC, RLIN)
Topical term or geographic name as entry element Easy picture book.
690 ## - LOCAL SUBJECT ADDED ENTRY--TOPICAL TERM (OCLC, RLIN)
Topical term or geographic name as entry element Picture book
700 1# - ADDED ENTRY--PERSONAL NAME
Personal name Gagnon-Dumont, Sara,
Relator term illustrator.
9 (RLIN) 6545261
942 ## - ADDED ENTRY ELEMENTS (KOHA)
Source of classification or shelving scheme Dewey Decimal Classification
Koha item type BOOK
Holdings
Withdrawn status Lost status Source of classification or shelving scheme Damaged status Not for loan Collection code Home library Current library Shelving location Date acquired Source of acquisition Total Checkouts Total Renewals Full call number Barcode Date last seen Date checked out Cost, replacement price Price effective from Koha item type
    Dewey Decimal Classification     Children NonFiction Wasatch County Library Wasatch County Library Main Floor Childrens Area 05/30/2025   1 2 E Art Music Goth 34301002156273 07/23/2025 05/30/2025 22.95 05/30/2025 BOOK
This project was made possible through a grant from the Institute of Museum and Library Service administered by the Utah State Library Division.

Wasatch County Library

  • 465 East 1200 South, Heber City, Utah 84032
  • Phone 435-654-1511 | Fax 435-654-6456

Hours

  • Monday - Friday 9:30 AM - 8:00 PM
  • Saturday 9:30 AM - 1:30 PM
  • Closed Sundays and Holidays